ბათუმის შოთა რუსთაველის სახელმწიფო უნივერსიტეტის ბიბლიოთეკა

აფრებიანი ხომალდები (ბიბ.ჩანაწერი № 49918)

000 -LEADER
fixed length control field 00733nam a2200217Ia 4500
001 - CONTROL NUMBER
control field 16854
003 - CONTROL NUMBER IDENTIFIER
control field GE_BSU
008 - FIXED-LENGTH DATA ELEMENTS--GENERAL INFORMATION
fixed length control field 181216s||||||||xx |||||||||||||| ||und||
040 ## - CATALOGING SOURCE
Transcribing agency GE_BSU
080 ## - UNIVERSAL DECIMAL CLASSIFICATION NUMBER
Universal Decimal Classification number 821.353.1-32 + 821.353.1-4
100 ## - MAIN ENTRY--PERSONAL NAME
Personal name გოგიავა, კ.
245 ## - TITLE STATEMENT
Title აფრებიანი ხომალდები
245 ## - TITLE STATEMENT
Remainder of title მოთხრობები და ნარკვევები
260 ## - PUBLICATION, DISTRIBUTION, ETC.
Place of publication, distribution, etc. თბილისი
260 ## - PUBLICATION, DISTRIBUTION, ETC.
Name of publisher, distributor, etc. საბლიტგამი
260 ## - PUBLICATION, DISTRIBUTION, ETC.
Date of publication, distribution, etc. 1939
300 ## - PHYSICAL DESCRIPTION
Extent 104გვ. ; 15სმ.
653 ## - INDEX TERM--UNCONTROLLED
Uncontrolled term აფრებიანი ხომალდები
653 ## - INDEX TERM--UNCONTROLLED
Uncontrolled term მოთხრობები და ნარკვევები
942 ## - ADDED ENTRY ELEMENTS (KOHA)
Koha item type წიგნი
ეგზემპლარები
Withdrawn status Lost status Damaged status Not for loan Date acquired Barcode Date last seen Price effective from Koha item type
        2018-12-17 21872 2018-12-17 2018-12-17 წიგნი